LEADER 03015nam 22006254a 450 001 9910452193103321 005 20200520144314.0 010 $a1-281-72962-0 010 $a9786611729622 010 $a0-300-12770-7 024 7 $a10.12987/9780300127706 035 $a(CKB)1000000000472032 035 $a(StDuBDS)AH23049439 035 $a(SSID)ssj0000223816 035 $a(PQKBManifestationID)11185332 035 $a(PQKBTitleCode)TC0000223816 035 $a(PQKBWorkID)10183626 035 $a(PQKB)10552636 035 $a(MiAaPQ)EBC3420175 035 $a(DE-B1597)484886 035 $a(OCoLC)952732821 035 $a(DE-B1597)9780300127706 035 $a(Au-PeEL)EBL3420175 035 $a(CaPaEBR)ebr10170866 035 $a(CaONFJC)MIL172962 035 $a(OCoLC)923591573 035 $a(EXLCZ)991000000000472032 100 $a20040802d2004 uy 0 101 0 $aeng 135 $aur||||||||||| 181 $ctxt 182 $cc 183 $acr 200 10$aPolitics and passion$b[electronic resource] $etoward a more egalitarian liberalism /$fMichael Walzer 210 $aNew Haven $cYale University$dc2004 215 $a1 online resource (208 p.) 300 $aBibliographic Level Mode of Issuance: Monograph 311 $a0-300-10328-X 320 $aIncludes bibliographical references (p. [167]-178) and index. 327 $aInvoluntary association -- The collectivism of powerlessness -- Cultural rights -- Civil society and the state -- Deliberation--and what else? -- Politics and passion. 330 $aLiberalism is egalitarian in principle, but why doesn't it do more to promote equality in practice? In this book, the distinguished political philosopher Michael Walzer offers a critique of liberal theory and demonstrates that crucial realities have been submerged in the evolution of contemporary liberal thought.In the standard versions of liberal theory, autonomous individuals deliberate about what ought to be done-but in the real world, citizens also organize, mobilize, bargain, and lobby. The real world is more contentious than deliberative. Ranging over hotly contested issues including multiculturalism, pluralism, difference, civil society, and racial and gender justice, Walzer suggests ways in which liberal theory might be revised to make it more hospitable to the claims of equality.Combining profound learning with practical wisdom, Michael Walzer offers a provocative reappraisal of the core tenets of liberal thought. Politics and Passion will be required reading for anyone interested in social justice-and the means by which we seek to achieve it. 606 $aLiberalism 606 $aEquality 608 $aElectronic books. 615 0$aLiberalism. 615 0$aEquality. 676 $a320.51/3 700 $aWalzer$b Michael$0128376 801 0$bMiAaPQ 801 1$bMiAaPQ 801 2$bMiAaPQ 906 $aBOOK 912 $a9910452193103321 996 $aPolitics and passion$92476477 997 $aUNINA LEADER 03065oam 2200721zu 450 001 9910154339603321 005 20210731015500.0 035 $a(CKB)2560000000295466 035 $a(SSID)ssj0001194792 035 $a(PQKBManifestationID)11679319 035 $a(PQKBTitleCode)TC0001194792 035 $a(PQKBWorkID)11154381 035 $a(PQKB)11460924 035 $a(StDuBDS)EDZ0000219400 035 $a(MiAaPQ)EBC4842559 035 $a(EXLCZ)992560000000295466 100 $a20160829d2014 uy 101 0 $aeng 135 $aur||||||||||| 181 $ctxt 182 $cc 183 $acr 200 10$a"I'm sorry for what I've done" : the language of courtroom apologies 210 1$aNew York :$cOxford University Press,$d2014. 215 $a1 online resource $cillustrations (black and white) 225 0 $aOxford studies in language and law "I'm sorry for what I've done" 300 $aBibliographic Level Mode of Issuance: Monograph 311 $a0-19-932566-9 311 $a0-19-936481-8 320 $aIncludes bibliographical references and index. 327 $aIntroduction -- Apologies and courtroom apologies -- The context of federal sentencing hearings -- What defendants say in response to their offenses -- Defendants talk about the past, the future, and the present: mitigation, future behavior, and the sentence -- Broad features of defendants' allocutions -- Conclusions. 330 8 $aGruber examines 52 apologetic allocutions produced during federal sentencing hearings. Defendants raised the topics of the offence, mitigation, future behaviour, and the sentence in diverse ways, and this book explores the pros and cons associated with different forms. 410 0$aOxford studies in language and law. 517 $aI'm sorry for what I've done 517 $a?I?m Sorry for What I?ve Done? 517 $a"I'm sorry for what I've done" 517 $aOxford studies in language and law 606 $aDefense (Criminal procedure)$xDiscourse analysis$zUnited States 606 $aConfession (Law)$zUnited States 606 $aExtenuating circumstances$zUnited States 606 $aApologizing$zUnited States 606 $aLinguistic analysis (Linguistics) 606 $aEnglish language 606 $aLaw - U.S$2HILCC 606 $aLaw, Politics & Government$2HILCC 606 $aCriminal Law & Procedure - U.S$2HILCC 610 $aDefendants courtroom apologies 615 0$aDefense (Criminal procedure)$xDiscourse analysis 615 0$aConfession (Law) 615 0$aExtenuating circumstances 615 0$aApologizing 615 0$aLinguistic analysis (Linguistics) 615 0$aEnglish language. 615 7$aLaw - U.S. 615 7$aLaw, Politics & Government 615 7$aCriminal Law & Procedure - U.S. 676 $a345.73/04 700 $aGruber$b M. Catherine$01220699 801 0$bPQKB 906 $aBOOK 912 $a9910154339603321 996 $a"I'm sorry for what I've done" : the language of courtroom apologies$92827019 997 $aUNINA